000 01001cam a2200205 4500
001 ABS65127
008 020306n2002 000 0 eng u
035 _a(Sirsi) u117022
100 _aHoughton, A.
245 _aDoes arbitration infringe your human rights?
260 _c2002
490 _aAsian Dispute Resolution
_v January 2002, 76-78(3)
520 _aDebates whether the European Convention on Human Rights and the International Covenant on Civil and Political Rights may have an effect on construction litigation and arbitration, arguing that the modern trend is to prolong litigation, often under the guise of protecting human rights, which can cause unnecessary expense and stress.
590 _aABS
650 _aMANAGEMENT-DISPUTE AVOIDANCE, MANAGEMENT AND RESOLUTION-DISPUTE MANAGEMENT AND RESOLUTION-ARBITRATION
650 _aHUMAN RIGHTS
650 _aCONVENTION FOR THE PROTECTION OF HUMAN RIGHTS AND FUNDAMENTAL FREEDOMS
690 _aDispute resolution
_96236
942 _n0
999 _c69712
_d69712